| 000 | 02026cam a22002415a 4500 | ||
|---|---|---|---|
| 001 | L149901 | ||
| 008 | 100513s2010 xxk f 000 0 eng d | ||
| 020 | _a9781905766673 | ||
| 035 | _a(Sirsi) u149901 | ||
| 041 | 0 | _aeng | |
| 050 | 0 | 4 | _a344.41065 $1 8 |
| 110 | 2 |
_aWorkplace Law Group _94840 |
|
| 245 | 0 | 0 | _aPremises, health and safety handbook 2010 |
| 260 |
_aDubai _bWorkplace Law Group _c 2010. |
||
| 300 |
_a630p. _c20 cm. |
||
| 505 | 2 | _aEditor's introduction -- The contributors -- Accessible environments -- Accident investigations -- Alcohol and drugs -- Asbestos -- Batteries -- Biological hazards -- Bombs alerts -- Boundaries and party walls -- BREEAM -- Building regulations -- Business countinuity management -- Business rates -- Buying and selling property -- Comment: carbon in the downturn -- CCTV monitoring -- Climate change -- COMAH: dangerous substances -- Copetence and the 'responsible person' -- Construction site health and safety -- Contaminated land -- Contractors -- Corporate manslaughter -- COSHH: hazardous materials -- Workplace deaths -- Dilapidations -- Electricity and electrical equipment -- Energy performance -- Fire - means of escape -- Fire safety in non- domestic premises -- Glass and glazing -- Health and safety at work -- Health and safety consultaton -- Health and safety enforcement -- Health and safety inspections -- Health and safety management -- Health and safety policies -- Landlord and tenant : lease issues -- Landlord and tenant :possession issues -- Lift safety -- Lighting -- Manual handling -- Mental health --Noise at work -- Occupational health -- Planning procedures -- Slips, trips and falls. | |
| 520 | _aThis book keeps workplace professionals up to date with latest changes to law and best practice for premises, health and safety. Includes guidance for workplace managers on law, regulations, policy and practice. | ||
| 521 | _aAdvanced | ||
| 651 | 4 |
_aUnited Kingdom _y |
|
| 690 |
_aHealth and safety _96244 |
||
| 700 | 1 | _aDavies, Alex | |
| 942 | _n0 | ||
| 999 |
_c110677 _d110677 |
||